部首为力的常见中文汉字 Common Chinese characters with the radical “Force” - Statistics

General Stats
  • This quiz has been taken 19 times
  • The average score is 9 of 30
Answer Stats
拼音首字母 笔画数 汉字 % Correct
l 2
84%
d 6
68%
j 5
58%
b 4
53%
n 7
47%
z 7
47%
l 7
42%
j 7
37%
j 7
37%
q 13
37%
ɡ 5
32%
l 11
32%
m 9
32%
q 4
32%
s 8
32%
w 5
32%
x 9
32%
b 9
26%
k 11
26%
l 6
26%
l 7
26%
s 7
26%
m 5
21%
x 11
16%
y 9
16%
q 7
11%
x 15
11%
h 8
5%
m 10
5%
m 12
0%
No matching quizzes found
Score Distribution
Percent of People with Each Score
Percentile by Number Answered
Your Score History
You have not taken this quiz